000 00817nam a2200241Ia 4500
003 OSt
005 20220923213312.0
006 a|||||r|||| 00| 0
007 ta
008 220922b |||||||| |||| 00| 0 hin d
024 _a160,569
037 _cTextual
040 _aARTS
_cARTS
_bhin
041 _2hin
_ahin
082 _aO152,2:g, J8
100 _aविमल, वेदपाल खन्ना
245 0 _aहिन्दी नाटक साहित्य का आलोचनात्मक अध्ययन
246 _aHindī nāṭak sāhitya kā ālochanātmak adhyayana
260 _c1958
650 _aहिन्दी साहित्य
_9156264
942 _hO152,2:g, J8
_cTEXL
_2CC
999 _c315316
_d315316